| 000 | 006440000a22001810004500 | ||
|---|---|---|---|
| 003 | MACL | ||
| 005 | 20160608125055.0 | ||
| 008 | 160608b xxu||||| |||| 00| 0 eng d | ||
| 040 |
_aMACL _cMACL |
||
| 041 | _aHindi | ||
| 082 | _a920 | ||
| 100 |
_aप्रेमचन्द्र, शिवरानी देवी _963001 |
||
| 245 |
_aप्रेमचन्द्र घर मे _cशिवरानी देवी प्रेमचन्द |
||
| 260 |
_bआत्माराम एण्ड संस _c2000 _aदिल्ली |
||
| 350 | _a300 | ||
| 650 |
_aBiography _963002 |
||
| 942 |
_cHIN _k920/PRE _2ddc |
||
| 999 |
_c11129 _d11129 |
||